1774 1933 1203 1403 1889 1668 1549 1856 1997 1665 1168 1707 1307 1477 1027 1145 1400 1381 1878 1575 1169 1728 1655 1302 1312 1096 1885 1438 1599 1209 1848 1427 1433 1851 1593 1077 1669 1480 1388 1975 1748 1180 1875 1826 1534 1099 1389 1630 1334 1133 1906 1689 1015 1899 1951 1104 1945 1332 1904 1292 1192 1820 1919 1404 1930 1180 1748 1410 1037 1166 1182 1687 1555 1945 1177 1897 1629 1952 1166 1802 1894 1932 1851 1403 1651 1877 1841 1959 1583 1855 1140 1129 1468 1317 1437 1730 1100 1971 1003 BCNSPRNW ULIB Ver.6.0+V

เปลี่ยนเป็นภาษาไทย

Change to English
 แสดงรายละเอียดบรรณานุกรม
  กลับหน้าหลัก

Brief Record : Get Marc (ISO 2709) : E-mail record : QR code < ปิดหน้าต่าง
LEADER : 00000nam 2200000uu 4500
001    13399124678
003     ULIB
008    151123s2546||||th 000 0 tha d
099 00 ^aวพ.W 4^bส241ต
100 0  ^aสุกัลยณี สิงห์สัตย์
245 10 ^aต้นทุนดำเนินการในการให้บริการสุขภาพที่บ้านของศูนย์สุขภาพชุมชน โรงพยาบาลอุดรธานี = Operating cost of home care service of primary care unit at Udonthani Hospital /^cสุกัลยณี สิงห์สัตย์
246 31 ^aOperating cost of home care service of primary care unit at Udonthani Hospital
260    ^aเชียงใหม่ :^bบัณฑิตวิทยาลัย มหาวิทยาลัยเชียงใหม่,^c2546
300    ^aญ, 89 แผ่น :^bตาราง
502    ^aวิทยานิพนธ์ (พยาบาลศาสตรมหาบัณฑิต (สาขาวิชาการบริหารการพยาบาล)) - - มหาวิทยาลัยเชียงใหม่
504    ^aบรรณานุกรม: แผ่น 61 - 66
610 27 ^aโรงพยาบาลอุดรธานี.^bศูนย์สุขภาพชุมชน
650  2 ^aDissertations, academic^xnursing
650  2 ^aCosts and cost analysis
650  2 ^aHome care services
650  7 ^aบริการทางการแพทย์^zอุดรธานี
650  7 ^aการเยี่ยมบ้าน
650  7 ^aบริการอนามัยชุมชน
650  7 ^aอนามัยชุมชน
710 2  ^aมหาวิทยาลัยเชียงใหม่.^bบัณฑิตวิทยาลัย
710 2  ^aมหาวิทยาลัยเชียงใหม่.^bสาขาวิชาการบริหารการพยาบาล
945    ^p0^l0^i000221
999    ^aเกษร โพธิ์สุวรรณ
รายการนี้ยังไม่มีแท็ก
คุณยังไม่ได้ล็อกอิน คุณสามารถมีกิจกรรมร่วมกับเว็บไซต์ได้ แต่ต้องล็อกอินก่อน ::
  ล็อกอิน

รายการสื่อสารสนเทศ

ลำดับที่ ประเภท เลขเรียก/บาร์โค้ด สถานที่ สถานะ
1. วิทยานิพนธ์
วิทยานิพนธ์
วพ.W 4 ส241ต ฉ.1 
  Barcode: 000221
ห้องสมุดวิทยาเขตสวรรค์ประชารักษ์
► วิทยานิพนธ์
บนชั้น

รายการใกล้เคียง
    หัวเรื่อง [Home care services]
    หัวเรื่อง [บริการอนามัยชุมชน]
    หัวเรื่อง [อนามัยชุมชน]

BibComment


ยังไม่เคยถูกคอมเมนท์

คอมเมนท์ทรัพยากรรายการนี้
  คอมเมนท์: ต้นทุนดำเนินการใ..


 Copyright 2026. Bcnsprnw @Library